| 000 | 01310nam a2200361Ia 4500 | ||
|---|---|---|---|
| 001 | Z_6795 | ||
| 003 | CHAP | ||
| 005 | 20230529192030.0 | ||
| 008 | 220113s2015 xx 000 0 und d | ||
| 010 | _a170072 | ||
| 040 | _cCHAP | ||
| 090 | _aTesis G373 2461 | ||
| 100 |
_aGasca Rodríguez, Faviola _9130012 |
||
| 245 |
_aComposición química de seis gramíneas forrajeras / _cFaviola Gasca Rodríguez y Katia Velázquez Muñoz |
||
| 260 |
_aMéxico : _bEl autor, _c2015 |
||
| 300 | _a63 p | ||
| 502 | _aTesis (Ingeniero Agrónomo Especialista en Zootecnia) -- UACh, 2015 \ Dirección: Sergio Iban Mendoza Pedroza; asesoría: Eliseo Sosa Montes y Berta Rodríguez Castañeda | ||
| 650 |
_aDigestibilidad in vitro _9145565 |
||
| 650 |
_aFibra cruda _9145969 |
||
| 650 |
_aFibra de detergente ácida _9145970 |
||
| 650 |
_aGramíneas _950260 |
||
| 650 |
_aProteína cruda _9144630 |
||
| 700 |
_a Mendoza Pedroza, Sergio Iban, director _9145204 |
||
| 700 |
_a Rodríguez Castañeda, Berta, asesor _9145971 |
||
| 700 |
_a Sosa Montes, Eliseo, asesor _9143277 |
||
| 700 |
_aVelázquez Muñoz, Katia, coaut. _9145972 |
||
| 856 | 4 | 2 |
_uhttp://10.13.5.2/tesis/sist111979.pdf _yDescargar PDF |
| 901 | _aTESIS G373 2461 | ||
| 902 | _aM | ||
| 910 | _a2015 | ||
| 942 |
_c2 _2ddc |
||
| 942 |
_c2 _2ddc |
||
| 999 |
_c170072 _d170072 |
||